Guía para los educadores de los países en desarrollo

Saved in:
Bibliografiske detaljer
Main Authors: Tibbetts, John (Author), Akeson, Merle (Author), Silverman, Marvin (Author)
Format: Bog
Sprog:spansk
Udgivet: Buenos Aires Paidós 1970
Serier:Biblioteca del Educador Contemporáneo, 12
Fag:
Tags: Tilføj Tag
Ingen Tags, Vær først til at tagge denne postø!

MARC

LEADER 00000nam a2200000 a 4500
001 UCZ6881
003 CL-VaPUC
008 951215e19700000AG |||||||||||||||||spa|d
082 0 4 |a 371.1  |b TIB  |2 21 
100 0 |a Tibbetts, John  |e author  |9 351455 
700 0 |a Akeson, Merle  |e author  |9 351456 
700 0 |a Silverman, Marvin  |e author  |9 351457 
245 1 0 |a Guía para los educadores de los países en desarrollo 
300 |a 268 p 
942 |c BK 
945 |d 19951215 00:00:00  |a lriquelm 
260 |a Buenos Aires  |b Paidós  |c 1970 
650 0 |a PREPARACION PROFESIONAL DE PROFESORES  |9 343515 
650 7 |a GUIAS PEDAGOGICAS  |2 CL-VaPUC  |9 351458 
650 0 |a Países en desarrollo  |9 259663 
650 0 |a Métodos de enseñanza  |9 270413 
650 0 |a Planificación de la educación   |9 307333 
583 |a last modification  |c 19951215 00:00:00  |k Rodrigo Vera 
490 0 |a Biblioteca del Educador Contemporáneo, 12 
999 |c 243031  |d 243029 
952 |0 0  |1 0  |4 0  |6 371_100000000000000_TIB_1970  |7 0  |8 P  |9 256404  |a BIBEDU  |b BIBEDU  |c BIBEDU_PB  |d 2019-11-19  |i 1608819  |o 371.1 TIB 1970  |p 1608819  |r 2024-01-25  |w 2019-11-19  |y BK  |k EDU